| 000 | 00361nam a22001577a 4500 | ||
|---|---|---|---|
| 003 | SGT | ||
| 020 | _a9788131247051 | ||
| 082 |
_a610.7367 _bO17G |
||
| 100 | _aGABBE, STEVEN G. | ||
| 245 | _aOBSTETRICS NORMAL & PROBLEM PREGNANCIES | ||
| 250 | _a1ST S.A. | ||
| 260 |
_aINDIA _bELSEVIER PUB _c2017 |
||
| 300 | _a1295 | ||
| 650 | _aOBSTETRICS | ||
| 942 |
_2ddc _cBK |
||
| 999 |
_c21937 _d21937 |
||